000 00422nam a22001817a 4500
003 CEME
005 20210628210203.0
008 210203b xxu||||| |||| 00| 0 eng d
020 _a969-35-1165-4
040 _c.
082 _a891.4393 ASH
100 _aAshfaq Ahmad
_93162
245 _aVida-e-jung
260 _aLAHORE
_bSANG-E-MEEL
_c2000
300 _a352P
650 _aURDU ADAB-NOVEL
_920918
942 _cBK
_2ddc
999 _c583539
_d583539